| 000 | 00363nam a2200145Ia 4500 | ||
|---|---|---|---|
| 008 | 230917s9999||||xx |||||||||||||| ||und|| | ||
| 040 |
_e60949 _aMAIN |
||
| 041 | _aEnglish | ||
| 082 | _a823.7 M541W:M | ||
| 100 | _aWilliams, Ioan, ed | ||
| 245 | 0 | _aMeredith: the critical heritage | |
| 260 |
_aLondon _bRoutledge _c1971 |
||
| 300 | _axiii, 535 p. | ||
| 942 | _cBK | ||
| 999 |
_c191774 _d191774 |
||